Normal view
MARC view
- Smith, Bradley Fraser
Entry Personal Name
001 - CONTROL NUMBER
- control field: 38122
003 - CONTROL NUMBER IDENTIFIER
- control field: NUST
005 - DATE AND TIME OF LATEST TRANSACTION
- control field: 20210314130602.0
008 - FIXED-LENGTH DATA ELEMENTS
- fixed length control field: 210314|| aca||aabn | a|a d
040 ## - CATALOGING SOURCE
- Original cataloging agency: NUST
- Transcribing agency: NUST
100 ## - HEADING--PERSONAL NAME
- Personal name: Smith, Bradley Fraser
670 ## - SOURCE DATA FOUND
- Source citation: Work cat.: (NUST): Enger, Eldon D. 38121, Environmental science :, c1998.
